Top 30 : Lana Del Rey - Statistiques

Statistiques générales
  • Ce quiz a été pris 125 fois
  • Le résultat moyen est 16 sur 30
Statistiques - réponses
Top Titres Featuring % Correct
1 Summertime Sadness
95%
12 Summertime Sadness (Remix) Cedric Gervais
93%
9 Born To Die
77%
4 Video Games
75%
2 Young And Beautiful
69%
5 West Coast
67%
7 Cinnamon Girl
65%
30 Margaret Bleachers
63%
20 Ultraviolence
61%
24 Lust For Life The Weeknd
58%
3 Stargirl Interlude The Weeknd
57%
6 Brooklyn Baby
56%
14 National Anthem
51%
8 Say Yes To Heaven
51%
22 Ride
50%
21 Sad Girl
49%
16 Blue Jeans
48%
18 Snow On The Beach Taylor Swift
48%
13 Radio
46%
23 Let The Light In Father John Misty
45%
19 Art Deco
43%
29 Norman fucking Rockwell
43%
11 Diet Mountain Dew
39%
26 Pretty When You Cry
36%
28 Cherry
35%
15 Dark Paradise
35%
27 Don’t Call Me Angel Ariana Grande, Miley Cyrus
35%
17 Chemtrails Over The Country Club
31%
10 Doin' Time
30%
25 Happiness is a butterfly
29%
Aucun quiz correspondant
Distribution des résultats
% des personnes avec chaque résultat
Percentile par nombre de réponses
Votre historique - résultats
Vous n’avez pas pris ce quiz